000 00830nam a2200253 i 4500
001 12953
003 ES-MaACL
005 20250829050155.0
007 t|
008 961023s1996 sp ||||0| spa d
020 _a84-8164-115-4
080 _a130.2
100 1 _aJameson, Fredric.
_965981
245 1 0 _aTeoría de la postmodernidad /
_cFredric Jameson ; traducción de Celia Montolío Nicholson y Ramón del Castillo.
260 _aMadrid :
_bTrotta,
_c[1996]
300 _a340 p. ;
_c23 cm.
490 1 _aEstructuras y procesos. Serie filosofía
650 7 _aPostmodernismo
_2embne
_916329
700 1 _aMontolío Nicholson, Celia.
_982677
700 1 _aCastillo, Ramón del.
_936718
830 1 0 _aEstructuras y procesos.
_pFilosofía
_9183056
852 4 _aES-MaACL
_jL-20286
999 _c12953
_d12953